000 01151nam a2200325Ia 4500
003 OSt
005 20221007125708.0
006 a|||||r|||| 00| 0
007 ta
008 221006b |||||||| |||| 00| 0 eng d
020 _a0471712213 (hbd)
_cRs.4433.78
024 _a76331
037 _b193/2006-07, 02/01/2007, Educational Book Agency (India)
_cTextbook
040 _aCDL
_cCDL
_beng
041 _2eng
_aeng
082 _aE:3,T, P6 Carc
100 _aPaunovic Milan
_9722334
245 0 _aFundamentals of electrochemical deposition
_b Schlesinger Mordechay
250 _a2
260 _aNew
_bJersey John Wiley & Sons, Inc.,
_c2006
300 _ax, 373p.
_ccm.
490 _aThe electrochemical society series
500 _aIncludes bibliographical references.; Index 355-373p.
650 _a Electrochemical depostion
_9722335
650 _a Electroplating
_9722336
650 _aChemistry
700 _a Schlesinger Mordechay
_9722337
942 _hE:3,T, P6 Carc
_cTB
_2CC
999 _c1215722
_d1215722